Last Roles of Actors/Filmmakers - Statistics

General Stats
  • This quiz has been taken 7 times
  • The average score is 2 of 24
Answer Stats
Person Year Film/Show % Correct
Stanley Kubrick (director) 1999 Eyes Wide Shut
60%
James Dean 1956 Giant
60%
Paul Walker 2015 Furious 7
40%
Fred Willard 2020 Space Force
20%
Carrie Fisher 2017 Star Wars: The Last Jedi
20%
Heath Ledger 2009 The Imaginarium of Doctor Parnassus
20%
Robin Williams 2015 Absolutely Anything
0%
Alan Rickman 2016 Alice Through the Looking Glass
0%
Audrey Hepburn 1989 Always
0%
James Lipton 2019 Arrested Development
0%
John Candy 1995 Canadian Bacon
0%
John Hurt 2017 Damascus Cover
0%
Kirk Douglas 2008 Empire State Building Murders
0%
Alfred Hitchcock (director) 1976 Family Plot
0%
Grace Kelly 1956 High Society
0%
Gregory Peck 1998 Moby Dick
0%
John Belushi 1981 Neighbors
0%
Humphrey Bogart 1956 The Harder They Fall
0%
Philip Seymour Hoffman 2015 The Hunger Games: Mockingjay – Part 2
0%
Clark Gable / Marilyn Monroe 1961 The Misfits
0%
Elizabeth Taylor 2001 These Old Broads
0%
John Wayne 1976 The Shootist
0%
Anton Yelchin 2016-2018 Trollhunters
0%
Gene Wilder 2002-2003 Will & Grace
0%
No matching quizzes found
Score Distribution
Percent of People with Each Score
Percentile by Number Answered
Your Score History
You have not taken this quiz